Globalización-antiglobalización: sobre la reconstrucción del orden mundial
Uloženo v:
| Hlavní autoři: | , |
|---|---|
| Médium: | Kniha |
| Jazyk: | španělština |
| Vydáno: |
Barcelona
Paidós
2003
|
| Edice: | Paidós Estado y Sociedad, 109
|
| Témata: | |
| Tagy: |
Přidat tag
Žádné tagy, Buďte první, kdo vytvoří štítek k tomuto záznamu!
|
MARC
| LEADER | 00000nam a2200000 a 4500 | ||
|---|---|---|---|
| 001 | UCH0687 | ||
| 003 | CL-VaPUC | ||
| 008 | 090320e20030000SP |||||||||||||||||spa|d | ||
| 020 | |a 8449314151 | ||
| 082 | 0 | 4 | |a 330.155 |b HEL |2 21 |
| 100 | |a Held, David |e author |9 564896 | ||
| 700 | 0 | |a McGrew, Anthony |e author |9 534949 | |
| 245 | 1 | 0 | |a Globalización-antiglobalización: sobre la reconstrucción del orden mundial |
| 300 | |a 187 p | ||
| 942 | |c BK | ||
| 945 | |d 20090320 00:00:00 |a rbrito | ||
| 260 | |a Barcelona |b Paidós |c 2003 | ||
| 650 | 0 | |a Globalización |9 361930 | |
| 650 | 0 | |a Economía |9 255568 | |
| 650 | 7 | |a MERCADO MUNDIAL |2 CL-VaPUC |9 393899 | |
| 650 | 0 | |a Cambio social |9 256857 | |
| 650 | 7 | |a COMERCIO INTERNACIONAL |2 CL-VaPUC |9 534950 | |
| 650 | 0 | |a Desarrollo económico |9 259599 | |
| 583 | |a last modification |c 20140403 04:49:13 |k Rodrigo Vera | ||
| 490 | 0 | |a Paidós Estado y Sociedad, 109 | |
| 999 | |c 332941 |d 332939 | ||
| 952 | |0 0 |1 0 |4 0 |6 330_155000000000000_HEL_2003 |7 0 |8 A |9 421013 |a BIBCUR |b BIBCUR |d 2019-11-22 |i 4522621 |o 330.155 HEL 2003 |p 4522621 |r 2025-04-22 |w 2019-11-22 |y BK |k PER | ||